Statistics for WW2 Infantry Weapons

Click here to take the quiz!

General Stats

  • This quiz has been taken 353 times
  • The average score is 8 of 12

Answer Stats

Answer% Correct
M1 Garand
96%
Colt M1911
89%
MG 42/Maschinengewehr 42
87%
PPSh-41
83%
Bren LMG
79%
Sturmgewehr 44/StG 44
79%
MG 34/Maschinengewehr 34
69%
3-line rifle M1891/Mosin–Nagant
67%
Karabiner 98 kurz
64%
PIAT
48%
Type 99 Arisaka
43%
Nambu
38%

Score Distribution

Percentile by Number Answered

Percent of People with Each Score

Your Score History

You have not taken this quiz